Tech trends: 2021 simple guide for future technologies. AI, IoT, Edge computing and 10+ Innovations (Record no. 590805)
[ view plain ]
| 000 -LEADER | |
|---|---|
| fixed length control field | 00429nam a22001577a 4500 |
| 003 - CONTROL NUMBER IDENTIFIER | |
| control field | NUST |
| 005 - DATE AND TIME OF LATEST TRANSACTION | |
| control field | 20220807102516.0 |
| 008 - FIXED-LENGTH DATA ELEMENTS--GENERAL INFORMATION | |
| fixed length control field | 220807b ||||| |||| 00| 0 eng d |
| 020 ## - INTERNATIONAL STANDARD BOOK NUMBER | |
| International Standard Book Number | 9798512979976 |
| 038 ## - RECORD CONTENT LICENSOR | |
| Staff Name | Azhar |
| 082 ## - DEWEY DECIMAL CLASSIFICATION NUMBER | |
| Classification number | 600 |
| Author Mark | TEC |
| 245 ## - TITLE STATEMENT | |
| Title | Tech trends: 2021 simple guide for future technologies. AI, IoT, Edge computing and 10+ Innovations |
| 260 ## - PUBLICATION, DISTRIBUTION, ETC. | |
| Place of publication, distribution, etc. | USA |
| Name of publisher, distributor, etc. | Coppell |
| Date of publication, distribution, etc. | 2021 |
| 300 ## - PHYSICAL DESCRIPTION | |
| Extent | 211p |
| 942 ## - ADDED ENTRY ELEMENTS (KOHA) | |
| Source of classification or shelving scheme | |
| Koha item type | Lincoln Corner |
| Withdrawn status | Lost status | Source of classification or shelving scheme | Damaged status | Not for loan | Permanent Location | Current Location | Shelving location | Date acquired | Full call number | Barcode | Date last seen | Price effective from | Koha item type |
|---|---|---|---|---|---|---|---|---|---|---|---|---|---|
| Central Library (CL) | Central Library (CL) | Lincoln Corner | 08/07/2022 | 600 TEC | LC-323 | 08/07/2022 | 08/07/2022 | Reference |
